000 00296nam a22001337a 4500
008 170616b xxu||||| |||| 00| 0 eng d
020 _a9780801314728
041 _aeng
080 _23 ED
_a32
100 _a20
101 _aSHP
245 _aEUROPEAN DEMOCARCIES
_cSTEINER.J
942 _2udc
_cBK
999 _c17802
_d17802